00363nam a22001217a 4500008004100000040005500041080001600096245004300112260003800155300001500193650001300208653002000221230406b |||||||| |||| 00| 0 eng d aNational Science LibrarycNational Science Library a338.964bK5 aChoose your small industry August 1965 aNew Delhi: bUdyog Bhawan, c1965 axiv, 188p. aIndustry aMarine products